载入...

Development of university education 1916-1920

书目详细资料
其他作者: Ghosh, Suresh Chandra (Editor)
格式: Printed Book
语言:English
主题:
LEADER 00379nam a2200109Ia 4500
008 101008s9999 xx 000 0 eng d
245 |a Development of university education 1916-1920 
650 |a Higher Education 
700 |a Ghosh, Suresh Chandra  |e editor. 
942 |c BK 
999 |c 182700  |d 182700 
952 |0 0  |1 0  |4 0  |7 0  |9 201993  |a EDU  |b EDU  |c ST1  |d 2010-10-20  |i 4269  |l 0  |p EDU4269  |r 2018-08-29  |w 2018-08-29  |y BK